000 00800cam a2200193 4500
001 L113293
008 000000n2001 000 0 eng u
020 _a0101514921
035 _a(Sirsi) u113293
050 _a386.1
_c18
110 _aUnited Kingdom
_bDepartment of the Environment, Transport and the Regions
_93507
245 4 _aThe Government's response to the Environment, Transport and Regional Affairs Committee's report : inland waterways. Presented to Parliament ... May 2001.
260 _aLondon
_bStationery Office
_c2001
350 _a3.40
490 _aCm
_v5149
690 _aPROPERTY-INFRASTRUCTURE-WATER TRANSPORT AND PROTECTION INFRASTRUCTURE
856 _uhttps://www.defra.gov.uk/ENVIRONMENT/response/waterways/index.htm
_zView the report at www.defra.gov.uk...
942 _n0
999 _c101516
_d101516